zpět

Detail výsledku týmu

Pekelná Husa, Klatovy

Datum a čas kvízu

21 Celkem bodů Celkový počet nahraných bodů na tomto kvízu bez doplňovacích otázek.
11. Pořadí na kvízu Konečné umístění týmu na tomto kvízu.

Zaznamenané odpovědi

# Otázka Odpověď Body Výsledky
1. Senát nominoval rekordních 125... Jan Kubiš, Adolf Opálka 0.5
2. Policie v Nashvillu v americké... C) hrál v pornografickém filmu 1
3. V úterý měla na letní scéně pr... Miloš Forman 1
4. Do mobilní aplikace Portál obč... DROZD 1
5. Do světa Formule 1 minulý týde... Alpine 0
11. Jak se nazývá specializované o... A 0
12. Jak se jmenuje ovoce na obrázk... papája 0
13. Nyní nás bude zajímat ovoce zv... C 0
14. Vypište z následující řady dva... jackfruit, rambutan 0
15. Níže jsou názvy tří odrůd jabl... C 0